000 00253 a2200109 4500
000 nam a22 7a 4500
020 _a9781032599168
100 _aTurjiman,Fadi AI
_9108
245 _aSecurity in IOT enabled spaces
260 _bCRC
_c2019
264 _bCRC
999 _c35994
_d35994